[Event "AUTO-BEG-536"]
[Site "http://www.queenalice.com/game.php?id=1053581"]
[Date "2012.4.28"]
[Round "1"]
[White "Gonzales"]
[Black "Noodles"]
[Result "1-0"]
[WhiteElo "1306"]
[BlackElo "1264"]

1. e4 e5 2. Nf3 Qe7 3. d4 d5 4. Nc3 dxe4 5. Nxe4 exd4 6. Bd3 f5 7. Bg5 Qd7 8.
Ne5 Qe6 9. Bf4 Bd6 10. Ng5 Qd5 11. Be4 fxe4 12. Ngf7 Bb4+ 13. c3 g5 14. Qa4+ b5
15. Qxb4 a5 16. Qxd4 Bb7 17. Qxd5 Bxd5 18. Nxh8 gxf4 19. Rd1 Bxa2 20. Rd4 Ra6
21. Rxe4 Nf6 22. Rxf4 Nh5 23. Rh4 Nf6 24. O-O Re6 25. Nhf7 Nbd7 26. Nxd7 Kxd7
27. Rd1+ Ke7 28. Ng5 Bb3 29. Ra1 Re5 30. Nxh7 Nd7 31. h3 Nc5 32. Rxa5 Re1+ 33.
Kh2 Nb7 34. Rxb5 1-0

[Event "AUTO-BEG-536"]
[Site "http://www.queenalice.com/game.php?id=1053582"]
[Date "2012.4.28"]
[Round "1"]
[White "Noodles"]
[Black "Gonzales"]
[Result "0-1"]
[WhiteElo "1309"]
[BlackElo "1375"]

1. e4 Nf6 2. Qe2 d5 3. d4 Nxe4 4. f3 Nf6 5. Bf4 Nc6 6. c3 e6 7. Nd2 Bd6 8. Nh3
O-O 9. g3 Re8 10. Ng5 Bxf4 11. gxf4 h6 12. Nh3 Qd6 13. Rd1 Bd7 14. Rg1 a6 15.
Nb3 Re7 16. Bg2 b5 17. Nc5 Qxc5 18. dxc5 e5 19. Kf1 exf4 20. Qd2 g5 21. b4 Rae8
22. Qc2 Re2 23. Qxe2 Rxe2 24. Kxe2 a5 25. bxa5 Nxa5 26. Rd4 Nc4 27. Rgd1 Bf5 28.
Nf2 Nb2 29. Rb1 Bxb1 30. Bh3 Bxa2 31. c6 Bc4+ 32. Kd2 Kf8 33. Kc2 Na4 34. Bc8
Ke7 35. h3 Be2 36. c4 Bxf3 37. cxb5 Nb6 38. Bf5 Kd6 39. Nd3 Be4 40. Bxe4 Nxe4
41. Nb4 Kc5 42. Kd3 f3 43. Ke3 f2 44. Na6+ Kxb5 45. Nb4 f1=Q 0-1

[Event "AUTO-INT-2319"]
[Site "http://www.queenalice.com/game.php?id=1058711"]
[Date "2012.5.12"]
[Round "1"]
[White "Gonzales"]
[Black "coutovet"]
[Result "0-1"]
[WhiteElo "1388"]
[BlackElo "1612"]

1. c4 e5 2. Nc3 Nf6 3. e4 Bb4 4. Nge2 Nc6 5. a3 Bxc3 6. Nxc3 O-O 7. d3 a6 8. g3
d6 9. Bg2 Nd4 10. O-O b5 11. cxb5 axb5 12. Bg5 h6 0-1

[Event "AUTO-INT-2319"]
[Site "http://www.queenalice.com/game.php?id=1058712"]
[Date "2012.5.12"]
[Round "1"]
[White "coutovet"]
[Black "Gonzales"]
[Result "1-0"]
[WhiteElo "1619"]
[BlackElo "1381"]

1. e4 e5 2. Nf3 Nc6 3. d4 exd4 4. Nxd4 Bc5 5. Be3 Qf6 6. c3 Nge7 7. b4 Bxd4 8.
Bxd4 Nxd4 9. cxd4 d5 10. e5 Qf4 11. b5 1-0

[Event "Challenge"]
[Site "http://www.queenalice.com/game.php?id=1144376"]
[Date "2013.1.23"]
[Round "-"]
[White "Gonzales"]
[Black "Rastrello"]
[Result "0-1"]
[WhiteElo "1356"]
[BlackElo "1321"]

1. g3 e5 2. Nf3 d6 3. d4 exd4 4. Nxd4 c5 5. Nb5 a6 6. N5a3 Qd7 7. f4 Qc6 8. Rg1
b5 9. Bg2 d5 10. Bxd5 Qh6 11. Bxa8 Qxh2 12. Rg2 Qh1+ 13. Kd2 Qh3 14. c4 bxc4 15.
Nxc4 f6 16. Nb6 Ne7 17. Nxc8 Nxc8 18. Qa4+ Kf7 19. Bd5+ Ke7 20. Nc3 Nb6 21. Qb5
axb5 0-1

[Event "AUTO-INT-2541"]
[Site "http://www.queenalice.com/game.php?id=1144977"]
[Date "2013.1.25"]
[Round "1"]
[White "Cubanauta"]
[Black "Gonzales"]
[Result "1-0"]
[WhiteElo "1408"]
[BlackElo "1462"]

1. d4 f5 2. Nf3 Nf6 3. Nc3 e6 4. Bg5 h6 5. Bh4 g5 6. Bxg5 hxg5 7. Nxg5 Ng4 8.
Nf3 b6 9. g3 c5 10. d5 c4 11. e3 Bb7 12. Bxc4 Qc7 13. Qd3 Bc5 14. Nb5 Qc8 15.
O-O-O Nxf2 16. Qc3 Kf7 17. Ne5+ Kg8 18. dxe6 dxe6 19. Rd7 Nxh1 20. Bxe6+ Kf8 21.
Ng6+ 1-0

[Event "AUTO-INT-2541"]
[Site "http://www.queenalice.com/game.php?id=1144978"]
[Date "2013.1.25"]
[Round "1"]
[White "Gonzales"]
[Black "Cubanauta"]
[Result "0-1"]
[WhiteElo "1437"]
[BlackElo "1414"]

1. g3 e5 2. f4 f6 3. e4 a6 4. Qf3 Nc6 5. Ne2 Bc5 6. b3 d6 7. Bb2 Nh6 8. Qh5+ Nf7
9. Nbc3 Nb4 10. O-O-O O-O 11. a3 Nc6 12. Nd5 Nh6 13. d4 Nxd4 14. Nxd4 Bxd4 15.
Bxd4 exd4 16. Rxd4 Bg4 17. Qh4 c5 18. Rd3 Rf7 19. Re3 Qa5 20. a4 f5 21. e5 b5
22. h3 bxa4 23. hxg4 axb3 24. e6 Rb7 25. e7 b2+ 26. Kd1 b1=Q+ 0-1

[Event "AUTO-INT-2541"]
[Site "http://www.queenalice.com/game.php?id=1144999"]
[Date "2013.1.25"]
[Round "1"]
[White "Herbert_Paulo"]
[Black "Gonzales"]
[Result "1-0"]
[WhiteElo "1679"]
[BlackElo "1444"]

1. e4 c6 2. Nf3 d5 3. exd5 cxd5 4. Be2 Bg4 5. O-O Bxf3 6. Bxf3 Nf6 7. d3 e5 8.
Bg5 Nbd7 9. Bxd5 Qb6 10. Bb3 Bc5 11. Nc3 O-O 12. Na4 Qd6 13. Nxc5 Nxc5 14. Qf3
e4 15. dxe4 Nfxe4 16. Bf4 Qf6 17. Rad1 Rad8 18. Rxd8 Rxd8 19. c3 g5 20. Bg3 Qxf3
21. gxf3 Nd2 22. Rd1 Ne6 23. Bxe6 fxe6 24. Kg2 Kf7 25. f4 Kf6 26. fxg5+ Kf5 27.
f4 Ke4 28. Kf2 Kd3 29. Re1 Ne4+ 30. Kf3 Nd2+ 31. Kg4 Re8 32. Re5 Nc4 33. Rb5 Re7
34. h4 Kc2 35. f5 a6 36. Rb4 Nxb2 37. f6 Rf7 38. Re4 Kxc3 39. Rxe6 a5 40. Re7
Rxe7 41. fxe7 1-0

[Event "AUTO-INT-2541"]
[Site "http://www.queenalice.com/game.php?id=1145000"]
[Date "2013.1.25"]
[Round "1"]
[White "Gonzales"]
[Black "Herbert_Paulo"]
[Result "1-0"]
[WhiteElo "1436"]
[BlackElo "1682"]

1. g3 e5 2. Bg2 Nf6 3. Nf3 d6 4. d4 e4 5. Ng5 d5 6. f3 exf3 7. exf3 Be7 8. O-O
O-O 9. Nc3 Bf5 10. Bf4 c6 11. Re1 Nh5 12. Qe2 Bxg5 13. Bxg5 Qxg5 14. Qe7 Qxe7
15. Rxe7 Bxc2 16. Rc1 Bg6 17. Rxb7 Na6 18. Bf1 Rfb8 19. Bxa6 Rxb7 20. Bxb7 Rb8
21. Bxc6 Rxb2 22. Bxd5 h6 23. Be4 Bxe4 24. fxe4 Nf6 25. d5 Nd7 26. a4 Ne5 27. d6
Rd2 28. Nd5 Rd4 29. Rc8+ Kh7 30. Re8 f6 31. Rxe5 1-0